000 01331nam a2200289 c 4500
999 _c447436
_d447436
003 BLK
005 20230727125201.0
008 180411b bul|||||r ||||||| ||bul||
010 _aKNG00174917000
040 _aBLK
041 _aBUL
_cBUL
080 _b377.5:63
_x(497.215)(062)
_z377.5:63(497.215)(062)
139 _aИнститут по земеделие и семезнание "Образцов чифлик" - Русе
_bИ 70
245 1 0 _aИнститут по земеделие и семезнание "Образцов чифлик" - Русе
_h[Малотир. изд.]
257 _aBGR
260 _bИзд. център при Русенски унив. Ангел Кънчев
_c2000
_9217935
_aРусе
_n978-619-7071-
300 _a168 с.
_bс ил.
_c20 см
380 _a3
500 _aВкл.: Два броя брошури от Юбилейна научна сесия 95 години "Образцов чифлик" - Русе - Програма и Теми на доклади - Двуез. изд.
650 4 _aСелскостопанско образование - България
_9319592
653 _aОбразцов чифлик
653 _aтехникуми
852 _aК 63/И 70
_bК
942 _cKNG
_n0
_02
_s1
944 _aCR
_c2022-03-07
_k30556
_lТеодора Пейчева-Дянкова
999 _d447436